|
|
|
|
| LEADER |
00838cam a2200217 a 4500 |
| 001 |
0000082173 |
| 005 |
20080118090000.0 |
| 040 |
|
|
|a mod
|
| 041 |
|
|
|a eng
|
| 020 |
0 |
0 |
|a 0804748446
|
| 090 |
0 |
0 |
|a 320.95980904
|b ASP
|e 2005
|
| 100 |
1 |
0 |
|a Aspinall
|h Edward
|
| 245 |
1 |
0 |
|a Opposing Suharto
|b Compromise, resistance, and regime change in Indonesia
|c Edward Aspinall
|
| 260 |
0 |
0 |
|a Stanford
|b Stanford University Press
|c 2005
|
| 300 |
0 |
0 |
|a 328 p.
|c 24 cm
|
| 500 |
0 |
0 |
|a Includes bibliographical references and index
|
| 600 |
0 |
0 |
|a Soeharto
|y 1921-
|
| 650 |
0 |
0 |
|a Opposition
|x Political science
|z Indonesia
|x History
|y 20th century
|
| 651 |
0 |
0 |
|a Indonesia
|x Politics and government
|y 1966-1988
|
| 999 |
|
|
|a 0249989
|b 3 DIV
|d BOOKS
|e Umum
|f 3 DIV
|j AVAILABLE
|q GOOD CONDITION
|
| 999 |
|
|
|a 0260434
|b 12 Rejimen Askar Melayu Diraja
|d BOOKS
|e Umum
|f Other Branches
|j AVAILABLE
|q GOOD CONDITION
|